01150nam a2200373 i 450000100060000000300090000600500170001500800390003201500160007104000280008704100080011504600090012308000100013208000130014208000080015508000120016324500820017526000330025730000460029033600270033633700540036333800280041738000160044538800140046138800140047550400360048965000130052565000090053865500300054765800280057770000440060571000290064985600980067832010KOSZ 00520201202145935.0010322s1976 pl a f f |001 0 pol aPB 1977/759 aWA NcWA NdKOSZ 005/HR0 apol k1976 a628.1 a628.2/.3 a543 a(075.8)00aFizyczno-chemiczne badanie wody i ścieków /cWitold Hermanowicz [et al.]. aWarszawa :b"Arkady",c1976. a846, [1] s. :bil., tab., wykr. ;c25 cm. 2rdacontentaTekstbtxt 2rdamediaaBez urządzenia pośredniczącegobn 2rdacarrieraWoluminbnc aKsiążki a1901-2000 a1945-1989 aBibliogr. s. 818-836. - Indeks. 4aŚcieki 4aWoda 4aPodręczniki akademickie aInżynieria i technika1 aHermanowicz, Witoldd(1904-1984)eAutor2 aWydawnictwo Arkady4pbl. uhttp://koha.tu.koszalin.pl/cgi-bin/koha/opac-detail.pl?biblionumber=32010yKatalog online BPK